Les Françoise célèbres - Statistiques

Statistiques générales
  • Ce quiz a été pris 142 fois
  • Le résultat moyen est 4 sur 13
Statistiques - réponses
Indice Initiale Nom % Correct
Chanteuse 1944 H Hardy
90%
Ecrivain 1935-2004 S Sagan
64%
Médecin 1908-1988 D Dolto
63%
Actrice 1942-1967 D Dorléac
41%
Actrice 1933 F Fabian
34%
Politicienne 1916-2003 G Giroud
33%
Ecrivain 1930-2016 MJ Mallet-Joris
21%
Journaliste 1953 L Laborde
20%
Ecrivain 1930-2018 X Xenakis
17%
Actrice 1931-2021 A Arnoul
8%
Ecrivain 1928-2018 D Dorin
5%
Ecrivain 1952 B Bourdin
3%
Actrice 1925-2014 B Bertin
1%
Aucun quiz correspondant
Distribution des résultats
% des personnes avec chaque résultat
Percentile par nombre de réponses
Votre historique - résultats
Vous n’avez pas pris ce quiz